THOMAS CALCULUS (Record no. 9491)

MARC details
000 -LEADER
fixed length control field 01018nam a22001697a 4500
003 - CONTROL NUMBER IDENTIFIER
control field SGT
020 ## - INTERNATIONAL STANDARD BOOK NUMBER
International Standard Book Number 9789332519091
082 ## - DEWEY DECIMAL CLASSIFICATION NUMBER
Classification number 515.3,THO
100 ## - MAIN ENTRY--PERSONAL NAME
Personal name THOMAS,GEORGE B.
245 ## - TITLE STATEMENT
Title THOMAS CALCULUS
250 ## - EDITION STATEMENT
Edition statement 12TH
260 ## - PUBLICATION, DISTRIBUTION, ETC. (IMPRINT)
Place of publication, distribution, etc NEW DELHI
Name of publisher, distributor, etc PEARSON
Year of Publication 2015
300 ## - PAGE DESCRIPTION
No. of Pages 1109
650 ## - SUBJECT ADDED ENTRY--TOPICAL TERM
Topical term or geographic name as entry element ANALYSIS
653 ## - KEYWORDS--INDEX TERM
Keyword term CHAPTER 1: FUNCTIONS CHAPTER 2: LIMITS AND CONTINUITY CHAPTER 3: DIFFERENTIATION CHAPTER 4: APPLICATIONS OF DERIVATIVES CHAPTER 5: INTEGRATION CHAPTER 6: APPLICATIONS OF DEFINITE INTEGRALS CHAPTER 7: TRANSCENDENTAL FUNCTIONS CHAPTER 8: TECHNIQUES OF INTEGRATION CHAPTER 9: FIRST-ORDER DIFFERENTIAL EQUATIONS CHAPTER 10: INFINITE SEQUENCES AND SERIES CHAPTER 11: PARAMETRIC EQUATIONS AND POLAR COORDINATES CHAPTER 12: VECTORS AND THE GEOMETRY OF SPACE CHAPTER 13: VECTOR-VALUED FUNCTIONS AND MOTION IN SPACE CHAPTER 14: PARTIAL DERIVATIVES CHAPTER 15: MULTIPLE INTEGRALS CHAPTER 16: INTEGRATION IN VECTOR FIELDS CHAPTER 17: SECOND-ORDER DIFFERENTIAL EQUATIONS
942 ## - ADDED ENTRY ELEMENTS (KOHA)
Source of classification or shelving scheme Dewey Decimal Classification
Koha item type FPS Books
Holdings
Withdrawn status Lost status Source of classification or shelving scheme Damaged status Not for loan Collection code Home library Current library Shelving location Date acquired Vendor Name Cost, normal purchase price SGTU Bill Number Total Checkouts Full call number Accession No. (Barcode) Date last seen Date last borrowed Bill Date Koha item type
    Dewey Decimal Classification   Not For Loan SCIENCE SGT Science & Social Sciences Library SGT Science & Social Sciences Library Reference Book 05/07/2016 AHUJA BOOKS 799.00 SGTU 6884 1 515.3,THO PS1902 08/02/2019 08/02/2019 21/04/2016 FPS Books